Girl names without the letter I (USA 2014) Quiz Stats

 Plays Quiz not verified by Sporcle

Support Sporcle.
Go Orange.
Score 0/100 Timer 10:00
0 Plays Today
Hint Answer % Correct
EEmma
98%
HHannah
93.8%
AAnna
93.2%
GGrace
91.4%
ZZoe
91.4%
AAva
91.1%
CChloe
89%
SSara
88.3%
EEvelyn
88.1%
ZZoey
87.8%
EElla
87.5%
CCharlotte
87.2%
SSarah
87.1%
LLauren
82.6%
SSamantha
80.5%
BBrooklyn
80%
EEva
79.9%
LLucy
79.4%
MMary
79.4%
AAmy
78.7%
KKayla
78.4%
HHarper
78.1%
AAudrey
77.3%
BBrooke
77%
NNora
76.1%
AAlexa
75.8%
AAubrey
75.4%
AAshley
74.3%
AAvery
73.9%
SSavannah
71.5%
PPenelope
70.9%
LLeah
70.7%
RRuby
70.7%
RRose
69.5%
Hint Answer % Correct
AAngela
69.2%
AAlexandra
69.1%
RRachel
68.3%
RRebecca
67.6%
AAlyssa
66.8%
CClara
66.8%
KKaylee
66.5%
PPeyton
66.4%
LLayla
66.2%
TTaylor
66.1%
AAndrea
65.8%
MMolly
65.5%
SStella
64.9%
CCora
64.4%
PPayton
63.2%
MMaya
62.9%
AAutumn
62.5%
BBella
62.2%
AAnnabelle
61%
EEleanor
60.7%
MMorgan
60.2%
KKhloe
60.1%
JJade
58.7%
MMadelyn
58.6%
VVanessa
57.5%
SScarlett
56.8%
KKendall
56.8%
SSkylar
56.6%
KKennedy
56%
MMargaret
55%
SSydney
54.2%
SSummer
53.5%
BBrooklynn
53.2%
NNevaeh
52.9%
Hint Answer % Correct
AAlana
52.9%
HHazel
51.1%
EEden
50.6%
LLondon
50.5%
JJocelyn
50.3%
KKatelyn
50.2%
AAurora
49.4%
MMelody
48.6%
NNorah
48.5%
EElena
48.3%
LLuna
47.1%
AAubree
45.8%
AAdalyn
45%
RRylee
44%
MMakayla
43.5%
AAdelyn
42.6%
HHarmony
42%
JJordyn
41.9%
HHadley
41.3%
LLyla
41.1%
MMya
40.2%
EEmerson
38.3%
HHayden
35.9%
EEmery
35.1%
PPresley
35%
RReagan
34.8%
AAdalynn
33.5%
LLondyn
32.1%
AArabella
31.4%
RReese
27.2%
AAthena
27.2%
EEverly
20.9%

You're not logged in!

Compare scores with friends on all Sporcle quizzes.
OR
Log In

From the Vault

Blind Secret Country III

by goc3

Contrary to the title, we do not recommend playing this quiz with your eyes closed.
Remove Ads.
Support Sporcle.
Get the best of Sporcle when you Go Orange. This ad-free experience offers more features, more stats, and more fun while also helping to support Sporcle. Thank you for becoming a member.

Show Comments

Extras

Top Quizzes Today


Score Distribution

Your Account Isn't Verified!

In order to create a playlist on Sporcle, you need to verify the email address you used during registration. Go to your Sporcle Settings to finish the process.

Report this User

Report this user for behavior that violates our Community Guidelines.

Details: